[Event "AUTO-OPEN-3058"]
[Site "http://www.queenalice.com/game.php?id=1208782"]
[Date "2013.8.16"]
[Round "1"]
[White "AlBadahh"]
[Black "donay_attack"]
[Result "0-1"]
[WhiteElo "1983"]
[BlackElo "2160"]

1. e4 c5 2. Nf3 Nc6 3. d4 cxd4 4. Nxd4 Nf6 5. Nc3 d6 6. Bg5 e6 7. Qd2 Be7 8.
O-O-O a6 9. f4 Qc7 10. Be2 Bd7 11. Nb3 b5 12. Bxf6 gxf6 13. Bh5 Rc8 14. a3 b4
15. axb4 Nxb4 16. Kb1 a5 17. Nd4 a4 18. f5 e5 19. Ne6 Bxe6 20. fxe6 a3 21. exf7+
Kd8 0-1

[Event "AUTO-OPEN-3058"]
[Site "http://www.queenalice.com/game.php?id=1208805"]
[Date "2013.8.16"]
[Round "1"]
[White "valterbastos"]
[Black "AlBadahh"]
[Result "0-1"]
[WhiteElo "1410"]
[BlackElo "1983"]

1. g4 d5 2. Nf3 Bxg4 3. h3 Bxf3 4. exf3 e5 5. b4 Bxb4 6. c3 Bc5 7. d4 exd4 8.
cxd4 Bb6 9. Nc3 Nc6 10. Bd3 Nxd4 11. Nxd5 Qxd5 12. Ba3 Nxf3+ 13. Kf1 Ne5 14. Rg1
Qxd3+ 15. Qe2 O-O-O 16. Rc1 Qxa3 17. Qc2 Qxh3+ 18. Ke2 Nd3 19. a4 Nf4+ 20. Ke1
Re8+ 21. Kd1 Qf3+ 22. Qe2 Qxe2# 0-1

[Event "AUTO-OPEN-3058"]
[Site "http://www.queenalice.com/game.php?id=1208819"]
[Date "2013.8.16"]
[Round "1"]
[White "thigo"]
[Black "AlBadahh"]
[Result "0-1"]
[WhiteElo "1564"]
[BlackElo "1896"]

1. e4 c5 2. Bc4 e6 3. Nf3 Nc6 4. d3 a6 5. O-O b5 6. d4 bxc4 7. d5 Na5 8. dxe6
dxe6 9. Qxd8+ Kxd8 10. Bg5+ Be7 11. Ne5 Ke8 12. Be3 Bb7 13. Nc3 Nf6 14. a3 Nxe4
15. Nxe4 Bxe4 16. b4 cxb4 17. axb4 Bxb4 0-1

[Event "AUTO-OPEN-3058"]
[Site "http://www.queenalice.com/game.php?id=1208820"]
[Date "2013.8.16"]
[Round "1"]
[White "AlBadahh"]
[Black "thigo"]
[Result "1-0"]
[WhiteElo "1909"]
[BlackElo "1564"]

1. c4 g6 2. d4 d5 3. cxd5 Qxd5 4. Nc3 Qd6 5. e4 Bg7 6. e5 Qe6 7. Nf3 a6 8. Be3
Qf5 9. Bd3 Qg4 10. h3 Qe6 11. Qd2 Nc6 12. d5 Qd7 13. dxc6 Qxc6 14. Rd1 1-0

[Event "AUTO-ADV-2956"]
[Site "http://www.queenalice.com/game.php?id=1216718"]
[Date "2013.9.13"]
[Round "1"]
[White "Dcar"]
[Black "AlBadahh"]
[Result "1-0"]
[WhiteElo "1624"]
[BlackElo "1816"]

1. Nf3 d5 2. d4 Nf6 3. g3 e6 4. Bg2 c5 5. O-O Nc6 6. c3 Be7 7. Ne5 O-O 8. Nxc6
bxc6 9. a3 a5 10. a4 Rb8 11. b3 1-0

[Event "AUTO-ADV-2956"]
[Site "http://www.queenalice.com/game.php?id=1216719"]
[Date "2013.9.13"]
[Round "1"]
[White "AlBadahh"]
[Black "Dcar"]
[Result "0-1"]
[WhiteElo "1842"]
[BlackElo "1598"]

1. e4 a6 2. d4 g6 3. Nc3 Bg7 4. h4 Nf6 5. e5 Ng8 6. h5 e6 7. Nf3 d6 8. Bd3 dxe5
9. h6 Bf6 10. dxe5 Be7 11. Qe2 c6 12. Ne4 Nd7 13. Bf4 Nc5 0-1

[Event "AUTO-ADV-2956"]
[Site "http://www.queenalice.com/game.php?id=1216732"]
[Date "2013.9.13"]
[Round "1"]
[White "AlBadahh"]
[Black "oniwa"]
[Result "0-1"]
[WhiteElo "1859"]
[BlackElo "2030"]

1. c4 Nf6 2. Nc3 e6 3. Nf3 Bb4 4. Qc2 O-O 5. a3 Bxc3 6. Qxc3 d5 7. b4 Ne4 8. Qc2
b6 9. Bb2 Bb7 10. d3 Nf6 11. g3 h6 12. Bg2 c5 13. bxc5 bxc5 14. cxd5 Bxd5 15.
Qxc5 Nbd7 16. Qe3 Qa5+ 0-1

[Event "AUTO-ADV-2956"]
[Site "http://www.queenalice.com/game.php?id=1216733"]
[Date "2013.9.13"]
[Round "1"]
[White "oniwa"]
[Black "AlBadahh"]
[Result "1-0"]
[WhiteElo "2039"]
[BlackElo "1850"]

1. e4 c5 2. Nf3 Nc6 3. d4 cxd4 4. Nxd4 Nf6 5. Nc3 e5 6. Nxc6 bxc6 7. Bc4 Bb4 8.
Qf3 d5 9. exd5 cxd5 10. Bb5+ Bd7 11. Bxd7+ Qxd7 12. O-O O-O 13. Bg5 Bxc3 14.
bxc3 Ne4 15. Bc1 Rfc8 16. Rd1 1-0

[Event "AUTO-ADV-2956"]
[Site "http://www.queenalice.com/game.php?id=1216734"]
[Date "2013.9.13"]
[Round "1"]
[White "AlBadahh"]
[Black "pedrolobo"]
[Result "0-1"]
[WhiteElo "1936"]
[BlackElo "1899"]

1. e4 Nf6 2. Nc3 d5 3. e5 d4 4. exf6 dxc3 5. fxg7 cxd2+ 6. Bxd2 Bxg7 7. Qf3 Bxb2
8. Rd1 Qd6 9. Bc4 Qf6 10. Qb3 Nc6 11. Nf3 O-O 12. O-O Be5 13. Nxe5 Nxe5 14. Bc3
Qf4 15. Bxe5 Qxe5 16. Rfe1 Qf6 17. Rd3 Bf5 18. Rf3 e6 0-1

[Event "AUTO-ADV-2956"]
[Site "http://www.queenalice.com/game.php?id=1216735"]
[Date "2013.9.13"]
[Round "1"]
[White "pedrolobo"]
[Black "AlBadahh"]
[Result "1-0"]
[WhiteElo "1879"]
[BlackElo "1959"]

1. d4 d5 2. c4 c6 3. Nf3 Nf6 4. Nc3 e6 5. Bg5 dxc4 6. e4 b5 7. e5 h6 8. Bh4 g5
9. Nxg5 hxg5 10. Bxg5 Nbd7 11. g3 Bb7 12. Bg2 Qb6 13. exf6 c5 14. d5 O-O-O 15.
O-O b4 16. Na4 Qb5 17. dxe6 Bxg2 18. Kxg2 Qc6+ 19. f3 Qxe6 20. Qc2 Bh6 21. Rae1
Qd5 22. Bh4 1-0

[Event "AUTO-MASTER-1975"]
[Site "http://www.queenalice.com/game.php?id=1229293"]
[Date "2013.11.2"]
[Round "1"]
[White "AlBadahh"]
[Black "Constante"]
[Result "0-1"]
[WhiteElo "1883"]
[BlackElo "2202"]

1. d4 Nf6 2. c4 e6 3. Nf3 b6 4. a3 Bb7 5. Nc3 Bd6 6. Qc2 h6 7. e4 Be7 8. e5 Ng8
9. Bd3 Nc6 10. d5 Nb8 11. Be3 d6 12. dxe6 fxe6 13. Bg6+ Kf8 14. O-O-O d5 0-1

[Event "AUTO-MASTER-1975"]
[Site "http://www.queenalice.com/game.php?id=1229294"]
[Date "2013.11.2"]
[Round "1"]
[White "Constante"]
[Black "AlBadahh"]
[Result "1-0"]
[WhiteElo "2183"]
[BlackElo "1970"]

1. e4 c5 2. Nf3 e6 3. d4 cxd4 4. Nxd4 Nc6 5. Nb5 d6 6. c4 Nf6 7. N1c3 a6 8. Na3
Be7 9. Be3 O-O 10. Be2 Bd7 11. O-O 1-0

[Event "AUTO-MASTER-1975"]
[Site "http://www.queenalice.com/game.php?id=1229295"]
[Date "2013.11.2"]
[Round "1"]
[White "AlBadahh"]
[Black "luciopac"]
[Result "0-1"]
[WhiteElo "1916"]
[BlackElo "2228"]

1. c4 Nf6 2. Nc3 g6 3. e4 d6 4. d4 Bg7 5. Be2 O-O 6. Nf3 e5 7. O-O Nc6 8. d5 Ne7
9. Nd2 Ne8 10. b4 f5 11. c5 fxe4 12. Ndxe4 Bf5 13. f3 b6 14. Be3 dxc5 15. bxc5
bxc5 0-1

[Event "AUTO-MASTER-1975"]
[Site "http://www.queenalice.com/game.php?id=1229296"]
[Date "2013.11.2"]
[Round "1"]
[White "luciopac"]
[Black "AlBadahh"]
[Result "1-0"]
[WhiteElo "2222"]
[BlackElo "1934"]

1. e4 c5 2. Nf3 e6 3. d4 cxd4 4. Nxd4 Nc6 5. c4 Nf6 6. Nc3 Bb4 7. Nxc6 bxc6 8.
Bd3 e5 9. O-O O-O 10. a3 Bxc3 11. bxc3 h6 12. a4 c5 13. f4 d6 14. fxe5 dxe5 15.
Be3 Qe7 16. Qf3 1-0

[Event "AUTO-MASTER-1975"]
[Site "http://www.queenalice.com/game.php?id=1229297"]
[Date "2013.11.2"]
[Round "1"]
[White "AlBadahh"]
[Black "Janivgm"]
[Result "0-1"]
[WhiteElo "1912"]
[BlackElo "1938"]

1. e4 e5 2. Nf3 d6 3. d4 Nf6 4. dxe5 Nxe4 5. Qd5 Nc5 6. Bg5 Be7 7. exd6 cxd6 8.
Nc3 Be6 9. Bb5+ Nc6 10. Bxc6+ bxc6 11. Qxc6+ Bd7 0-1

[Event "AUTO-MASTER-1975"]
[Site "http://www.queenalice.com/game.php?id=1229298"]
[Date "2013.11.2"]
[Round "1"]
[White "Janivgm"]
[Black "AlBadahh"]
[Result "1-0"]
[WhiteElo "1953"]
[BlackElo "1897"]

1. d4 d5 2. c4 c6 3. Nf3 Nf6 4. e3 Bf5 5. cxd5 cxd5 6. Qb3 Qb6 7. Bb5+ Bd7 8.
Nc3 e6 9. Ne5 Bxb5 10. Qxb5+ Nfd7 11. Nxd7 Qxb5 12. Nf6+ gxf6 13. Nxb5 1-0